000 00569nam a2200193Ia 4500
003 IN-BaIIA
008 211028s9999 xx 000 0 eng d
040 _cIIA Library
080 _a621.396.93
_bKEE
100 _aKeen, R.
_93210
245 0 _aWireless Direction Finding
_cR. Keen
250 _a3rd ed.
260 _aLondon
_blliffe and Sons
_c1938
300 _axi, 803p.
650 _aNASA Thesaurus
650 _aTelecommunication-Wireless
_910639
650 _aWireless-Telecommunication
_910640
942 _cBK
999 _c6158
_d6158